Thermal, moisture, and mechanical properties of sustainable construction materials based on plant agriculture waste

Enregistré dans:
Détails bibliographiques
Auteur principal: Mbugua, Mary Wairimu (Auteur)
Autres auteurs: Babenko, Maryna (Directeur de thèse)
Format: Manuscrit Livre
Langue:slovaque
anglais
Publié: 2024
Sujets:
Accès en ligne:http://is.stuba.sk/zp/portal_zp.pl?podrobnosti=171717
https://opac.crzp.sk/?fn=detailBiblioForm&sid=D4AFBEDDECE97BC63A3E029A1374
Tags: Ajouter un tag
Pas de tags, Soyez le premier à ajouter un tag!

MARC

LEADER 00000ntm a22000003a 4500
001 stuzp100432
003 SK-STU
005 20240925102832.6
007 ta
008 150427s2015----xo-----f-mn---000-0-slo-d
040 |a STU  |b slo 
041 0 |a eng 
100 1 |a Mbugua, Mary Wairimu  |u 010200  |4 aut  |U SvF Stavebná fakulta  |T SvF Katedra materiálového inžinierstva a fyziky  |X 117341  |U V200  |Y 844  |7 117341 
242 0 1 |a Tepelné, vlhkostné a mechanické vlastnosti trvalo udržateľných stavebných materiálov na báze rastlinného poľnohospodárskeho odpadu  |y slo 
245 1 0 |a Thermal, moisture, and mechanical properties of sustainable construction materials based on plant agriculture waste 
260 |c 2024 
650 4 |a pšeničný betón  |2 slo 
650 4 |a udržateľné stavebné materiály  |2 slo 
650 4 |a konopného betónu  |2 slo 
650 4 |a hempcrete  |2 eng 
650 4 |a wheat concrete  |2 eng 
650 4 |a sustainable building materials  |2 eng 
700 1 |a Babenko, Maryna  |u 010200  |k Z3  |4 ths  |U SvF Stavebná fakulta  |T SvF Katedra materiálového inžinierstva a fyziky  |X 99410  |U V200  |Y 844  |7 99410 
856 4 |u http://is.stuba.sk/zp/portal_zp.pl?podrobnosti=171717 
856 4 |u https://opac.crzp.sk/?fn=detailBiblioForm&sid=D4AFBEDDECE97BC63A3E029A1374